The Analysis of Initial Parameters of Steam in the Combined-Cycle Plant with High Temperature Gas Turbine; MATEC Web of Conferences; Vol. 37 : Smart Grids 2015
| Parent link: | MATEC Web of Conferences Vol. 37 : Smart Grids 2015.— 2015.— [01062, 4 p.] |
|---|---|
| Main Author: | |
| Corporate Author: | |
| Other Authors: | , |
| Summary: | Title screen Presents the results of studying the influence of initial steam parameters on the thermal efficiency of double-circuit combined-cycle plant based on a powerful high-temperature gas turbines of the last generation. The advantages of double-circuit combined-cycle plant without reheat in comparison with more complex schemes. Found optimal thermal efficiency values of initial parameters of steam. |
| Language: | English |
| Published: |
2015
|
| Subjects: | |
| Online Access: | http://dx.doi.org/10.1051/matecconf/20153701062 http://earchive.tpu.ru/handle/11683/32673 |
| Format: | MixedMaterials Electronic Book Chapter |
| KOHA link: | https://koha.lib.tpu.ru/cgi-bin/koha/opac-detail.pl?biblionumber=645691 |
MARC
| LEADER | 00000nla2a2200000 4500 | ||
|---|---|---|---|
| 001 | 645691 | ||
| 005 | 20240112153507.0 | ||
| 035 | |a (RuTPU)RU\TPU\network\10782 | ||
| 035 | |a RU\TPU\network\10776 | ||
| 090 | |a 645691 | ||
| 100 | |a 20160118a2015 k y0engy50 ba | ||
| 101 | 0 | |a eng | |
| 105 | |a y z 100zy | ||
| 135 | |a drcn ---uucaa | ||
| 181 | 0 | |a i | |
| 182 | 0 | |a b | |
| 200 | 1 | |a The Analysis of Initial Parameters of Steam in the Combined-Cycle Plant with High Temperature Gas Turbine |f A. Uvarov, A. M. Antonova, A. V. Vorobiev | |
| 203 | |a Text |c electronic | ||
| 300 | |a Title screen | ||
| 320 | |a [References: 8 tit.] | ||
| 330 | |a Presents the results of studying the influence of initial steam parameters on the thermal efficiency of double-circuit combined-cycle plant based on a powerful high-temperature gas turbines of the last generation. The advantages of double-circuit combined-cycle plant without reheat in comparison with more complex schemes. Found optimal thermal efficiency values of initial parameters of steam. | ||
| 461 | 0 | |0 (RuTPU)RU\TPU\network\4526 |t MATEC Web of Conferences | |
| 463 | 0 | |0 (RuTPU)RU\TPU\network\10636 |t Vol. 37 : Smart Grids 2015 |o September 28 - October 2, 2015, Tomsk, Russia |o [proceedings] |f National Research Tomsk Polytechnic University (TPU) ; eds. P. A. Strizhak [et al.] |v [01062, 4 p.] |d 2015 | |
| 610 | 1 | |a электронный ресурс | |
| 610 | 1 | |a труды учёных ТПУ | |
| 610 | 1 | |a пары | |
| 610 | 1 | |a парогазовые установки | |
| 610 | 1 | |a температура | |
| 610 | 1 | |a газовые турбины | |
| 610 | 1 | |a тепловая эффективность | |
| 700 | 1 | |a Uvarov |b A. |c specialist in the field of power engineering |c assistant of Tomsk Polytechnic University |f 1993- |g Artem |3 (RuTPU)RU\TPU\pers\36025 | |
| 701 | 1 | |a Antonova |b A. M. |c specialist in the field of power engineering |c Associate Professor of Tomsk Polytechnic University, Candidate of technical sciences |f 1952- |g Aleksandra Mikhailovna |3 (RuTPU)RU\TPU\pers\35870 | |
| 701 | 1 | |a Vorobiev |b A. V. |c specialist in the field of power engineering |c Associate Professor of Tomsk Polytechnic University, Candidate of technical sciences |f 1949- |g Aleksandr Vladimirovich |3 (RuTPU)RU\TPU\pers\35869 |9 19012 | |
| 712 | 0 | 2 | |a Национальный исследовательский Томский политехнический университет (ТПУ) |b Энергетический институт (ЭНИН) |b Кафедра атомных и тепловых электростанций (АТЭС) |3 (RuTPU)RU\TPU\col\18683 |
| 801 | 2 | |a RU |b 63413507 |c 20161122 |g RCR | |
| 856 | 4 | |u http://dx.doi.org/10.1051/matecconf/20153701062 | |
| 856 | 4 | |u http://earchive.tpu.ru/handle/11683/32673 | |
| 942 | |c CF | ||